000 00481nam a2200181Ia 4500
001 11853
003 GE_BSU
008 181216s||||||||xx |||||||||||||| ||und||
040 _cGE_BSU
245 _aАзия и Африка сегодня. № 8(685). 2014
245 _cГл.ред.Васильев А.В.
260 _aМосква
260 _c2014
300 _a80стр.29см.
653 _aАзия и Африка
653 _aპერიოდიკა
942 _cCR
999 _c45032
_d45032